00744nam a2200205 i 450000100060000000300090000600500170001500700030003200800410003510000250007624500970010126000330019830000360023165000410026770000270030870000380033585200220037399900170039595201260041279896ES-MaACL20250728232929.0t|041025s1962 sp a |||| | spa d1 aHeslop, R. B.96345310aQuímica inorgánica / cR.B. Heslop, P.L. Robinson ; traducción por A. Doadrio López. aMadrid : bAlhambra, c1962. aVIII, 564 p. : bil. ; c25 cm.07aQuímica inorgánica2embne9166381 aRobinson, P. L.9978991 aDoadrio López, Antonio.9164898 aES-MaACLjC-22135 c79896d79896 00104070aATENEOMbATENEOMcGaleríad2008-01-17eSCl0oC-22135p1083541r2023-02-23 00:00:00w2023-02-23yMONOGRAFIA